Estabilizacion química de suelos expansivos de San José de Cucuta (Colombia) usando cenizas volantes (Registro nro. 541069)

Detalles MARC
001 - NÚMERO DE CONTROL
campo de control 1192374
005 - FECHA Y HORA DE LA ÚLTIMA TRANSACCIÓN
campo de control 20240202094159.0
008 - DATOS DE LONGITUD FIJA--INFORMACIÓN GENERAL
campo de control de longitud fija 100308e20081201 spa
035 ## - NÚMERO DE CONTROL DEL SISTEMA
Número de control de sistema 1192374
035 ## - NÚMERO DE CONTROL DEL SISTEMA
Número de control de sistema (OCoLC)820529273
040 ## - FUENTE DE LA CATALOGACIÓN
Centro/agencia transcriptor comduadb
041 ## - CÓDIGO DE LENGUA
Código de lengua del texto/banda sonora o título independiente spa
100 10 - ENTRADA PRINCIPAL--NOMBRE DE PERSONA
Nombre de persona Florez Gongora, C. H.
Código de función aut
Término indicativo de función/relación Autor/a
9 (RLIN) 419545
245 10 - MENCIÓN DE TÍTULO
Título Estabilizacion química de suelos expansivos de San José de Cucuta (Colombia) usando cenizas volantes
520 3# - SUMARIO, ETC.
Sumario, etc. Se presentan los resultados de la estabilización química de los suelos expansivos de una zona representativa de San José de Cúcuta, donde se han observado daños en construcciones livianas como consecuencia de la expansión-retracción del suelo por la variación constante de la humedad. Para lograr la estabilización del suelo arcilloso, se propone como aditivo químico cenizas volantes, analizando sus posibles ventajas y desventajas.
650 ## - PUNTO DE ACCESO ADICIONAL DE MATERIA--TÉRMINO DE MATERIA
Término de materia o nombre geográfico como elemento de entrada Cenizas volantes
9 (RLIN) 16111
650 ## - PUNTO DE ACCESO ADICIONAL DE MATERIA--TÉRMINO DE MATERIA
Término de materia o nombre geográfico como elemento de entrada Suelos arcillosos
9 (RLIN) 19693
700 10 - ENTRADA AGREGADA--NOMBRE PERSONAL
Nombre de persona Zarate C., R.
Código de función aut
Término indicativo de función/relación Autor/a
9 (RLIN) 607971
700 10 - ENTRADA AGREGADA--NOMBRE PERSONAL
Nombre de persona Caicedo O., Z. K.
Código de función aut
Término indicativo de función/relación Autor/a
9 (RLIN) 594710
700 10 - ENTRADA AGREGADA--NOMBRE PERSONAL
Nombre de persona Contreras, B. A.
Código de función aut
Término indicativo de función/relación Autor/a
9 (RLIN) 603322
773 0# - ENLACE AL DOCUMENTO FUENTE/ENTRADA DE REGISTRO ANFITRIÓN
Título Respuestas : Revista de la Universidad Francisco de Paula Santander (Cúcuta)
Parte(s) relacionada(s) Volumen 13, Número 02, Diciembre de 2008, p. 19-31
Número de control del registro 578438
Número Internacional Estándar del Libro 0122820X
Número bibliográfico anfitrión 142413
942 ## - ELEMENTOS DE ENTRADA AGREGADA (KOHA)
Tipo de ítem Koha Artículo de Revista

No hay ítems disponibles.